| 000 | 00623nam a22001817a 4500 | ||
|---|---|---|---|
| 005 | 20251108164238.0 | ||
| 008 | 250721s1994 xx 000 0 ara d | ||
| 082 | 1 | 4 | _a621.319/محم |
| 100 | 1 | _aعلام، محمد فهمي | |
| 245 | 1 | 0 | _aالموجات الراحلة على نظم القوى و الحماية منها / |
| 246 | 1 | 1 | _aPower Systems Traveling waves & Protection against |
| 264 | 1 |
_aعمان : _bدار الراتب الجامعية، _c1994. |
|
| 300 | _a402ص | ||
| 650 | 1 | 7 | _aالهندسة الكهربائية |
| 650 | 1 | 7 | _aالخطوط الكهربائية |
| 942 |
_2ddc _cBK |
||
| 999 |
_c7338 _d7338 |
||